=LDR 00000nam 2200000 4500 =001 INLIS000000000030196 =005 20130612132348 =008 ***********************************Ind** =035 ##$$0010-061300000030196 =041 ##$$a Ind =082 ##$$a F Rom K =090 ##$$a F Rom K, Gra e =245 ##$$a Emas raja midas =260 ##$$a [S.n] $b [S.l] =300 ##$$a 15 hlm, ilus, 21 cm =650 ##$$a Fiksi kanak-kanak =850 ##$$a NBPNMAT